000 00725nam a2200253Ia 4500
003 OSt
005 20220928115631.0
006 a|||||r|||| 00| 0
007 ta
008 220927b |||||||| |||| 00| 0 hin d
020 _c450
024 _a109683
037 _b1213, 12/10/2010, Kiran Book Service
_cTextual
040 _aSDCL
_cSDCL
_bhin
041 _2hin
_ahin
082 _a4, Q0
100 _aHusain Mohammad Shahid
_9445234
245 0 _aJansanchar
_b Parampara aur prayog.
260 _aDelhi
_bGranthlok
_c2010
300 _axi,279p.
_ccm.
650 _aHindi
_9391598
942 _h4, Q0
_cTEXL
_2CC
999 _c760210
_d760210